000
00298nam a22001337a 4500
003
SGT
082
_a
617.4130
_b
V14K
100
_a
KAUFMAN,JOHN A
245
_a
VASCULAR AND INTERRENTIONAL RADIOLOGY
250
_a
2ND
260
_a
PHILADELPHIA
_b
ELSEVIER
_c
2014
300
_a
597
942
_2
ddc
_c
BK
999
_c
14314
_d
14314